00657nam a2200193Ia 4500008004100000020001400041082001800055100003900073245006400112250000700176260004300183300002600226500001900252600003400271650001500305942000700320952012100327999001500448240925s9999 xx 000 0 und d a131172638 a621.38456 LEE aLee, Valentino; Schneider, Heather 0aMobile Applications: architecture, design ,and development  aNA aNew Jersey:bPearson Educationc,2004. axx,972p.bNAfPirated aIncludes Index aTelecommunication Engineering aTechnology cBK 001040708ELaUITUbUITUd2007-06-06eF.B.Cg490.00l0o621.38456 LEEpQ7076r2024-09-25 07:14:28w2024-09-25yBK c9575d9575